| 000 | 00568nam a2200181 4500 | ||
|---|---|---|---|
| 001 | 132742 | ||
| 003 | ES-MaACL | ||
| 005 | 20250129092401.0 | ||
| 007 | t| | ||
| 008 | 070214s1948 sp r ||||1| spa d | ||
| 100 | 1 |
_aRos, Samuel. _999579 |
|
| 245 | 1 | 0 |
_aAntología _b: 1923-1944 / _cSamuel Ros ; prólogo del Doctor Blanco-Soler. |
| 260 |
_aMadrid : _bEd. Nacional, _c1948. |
||
| 300 |
_a298 p., 2 lám. = retr. aut. ; _c22 cm. |
||
| 700 | 1 |
_aBlanco Soler, C., _d1894-1962 _929295 |
|
| 852 |
_aES-MaACL _jC-5339 _bR.25833 |
||
| 999 |
_c132742 _d132742 |
||